Historia de la sexualidad

Uloženo v:
Podrobná bibliografie
Hlavní autor: Foucault, Michel (Autor)
Médium: Kniha
Jazyk:španělština
Vydáno: Ciudad de México Siglo XXI 1991
Vydání:2a. ed
Edice:Teoría, 1
Témata:
Tagy: Přidat tag
Žádné tagy, Buďte první, kdo vytvoří štítek k tomuto záznamu!

MARC

LEADER 00000cam a2200000 a 4500
001 UCD2398
003 CL-VaPUC
008 160421e19910000mx |||||||||||||||||spa|d
020 |a 9789682301186o.c 
020 |a 9789682317354v.1 
082 0 4 |a 155.32  |b FOU  |2 21 
100 |a Foucault, Michel  |e author  |9 257945 
245 1 0 |a Historia de la sexualidad 
250 |a 2a. ed 
300 |a 194 p 
942 |c BK 
945 |d 20160421 23:08:00  |a arojas 
260 |a Ciudad de México  |b Siglo XXI  |c 1991 
500 |a v.1: La voluntad del saber 
650 0 |a Sexualidad  |9 358183 
650 0 |a Vida sexual  |9 477532 
650 0 |a Naturaleza humana   |9 308593 
650 0 |a Psicoanálisis   |9 265702 
583 |a last modification  |c 20160421 23:08:00  |k Rodrigo Vera 
490 0 |a Teoría, 1 
999 |c 363560  |d 363558 
952 |0 0  |1 0  |3 erb  |4 0  |6 155_320000000000000_FOU_1991  |7 0  |8 R  |9 476022  |a BIBGIM  |b BIBGIM  |h v.1  |i 5283426  |l 5  |m 1  |o 155.32 FOU 1991  |p 5283426  |r 2025-03-25  |s 2025-03-13  |w 2019-11-24  |y BK_R  |z Catalogado en:20160421  |k SSL